Welcome to the Holygrace Academy Library

Please use search bar below to get started

THE BEAST (Record no. 5987)

MARC details
000 -LEADER
fixed length control field 00577nam a22001457a 4500
020 ## - INTERNATIONAL STANDARD BOOK NUMBER
ISBN 0-671-88055-1
082 ## - DEWEY DECIMAL CLASSIFICATION NUMBER
Classification number 823
Item number STI/G
100 ## - MAIN ENTRY--AUTHOR NAME
Personal name STINE, R L
245 ## - TITLE STATEMENT
Title THE BEAST
260 ## - PUBLICATION, DISTRIBUTION, ETC. (IMPRINT)
Place of publication NEW YORK
Name of publisher MINSTREL BOOKS
Year of publication 1994
300 ## - PHYSICAL DESCRIPTION
Number of Pages 131
520 ## - SUMMARY, ETC.
Summary, etc James and his cousin Ashley have an entire day at King's Island, which ends with a ride on the roller coaster The Beast. He's rode it multiple times before, but it's her first time. He convinces her to ride it one last time and while in line, they meet two teenage boys.
650 ## - SUBJECT ADDED ENTRY--TOPICAL TERM
Topical Term ADVENTURE
Geographic subdivision UNITED STATES
942 ## - ADDED ENTRY ELEMENTS (KOHA)
Koha item type Books
Holdings
Withdrawn status Lost status Collection code Home library Current library Shelving location Date acquired Source of acquisition Full call number Accession Number Koha item type
    Fiction Main Library Main Library SHELF 15 H-HARRY POTTER(CHARACTERISATION),WIMPY KID,DORK DIARIES 01/05/2009 purchase 823 STI/G 03637 Books